000 00487 a2200133 4500
020 _a9788461680948
082 _a708
_bC334e
110 _aLa Casa Encendida
_9711
245 _aEn casa 2013: Dil̀ogos Autn̤omos
_bAutonomous Dialogues
260 _aEspaą
_bLa Casa Encendida, Caja Madrid Fundacin̤
_c2013
300 _a221 p
_bill. (col.)
_c24 cm
650 _aCatl̀ogo
_xColeccin̤
_xArte moderno
_xInstalacion de arte
_xIntervenciones espaciales
_zEspaą
_9712
710 _aLa Casa Encendida
_9713
999 _c145
_d145